000 00877nam a2200217 a 4500
003 0
005 20250407103705.0
008 050809s19uu xx 00 eng d
050 _aPGS LB 2806.36.P47
_b.P163 2005
100 _aPalis, Chynna Sandra J.
245 _aPerceptions of grade 6 students in the inclusion of grade 7 in the basic education curriculum in the Philippines /
_cChynna Sandra J. Palis.
260 _aLas PiƱas City, Philippines :
_bSouthville International School and Colleges,
_c2005.
300 _a34 pages :
_billustrations ;
_c28 cm.
504 _aIncludes bibliographical references.
650 _aEducation
_vCurricula
_zPhilippines.
650 _aStudent attitudes
_zPhilippines.
650 _aEducational change
_zPhilippines.
650 _aCurriculum evaluation
_zPhilippines.
650 _aSeventh grade (Education).
942 _2lcc
_cPASS
999 _c97407
_d97407